Normal view MARC view
  • Siddiqi, Ainuddin

Entry Personal Name

Number of records used in: 2

001 - CONTROL NUMBER

  • control field: 14421

003 - CONTROL NUMBER IDENTIFIER

  • control field: NUST

005 - DATE AND TIME OF LATEST TRANSACTION

  • control field: 20190517070241.0

008 - FIXED-LENGTH DATA ELEMENTS

  • fixed length control field: 190517|| aca||aabn | a|a d

040 ## - CATALOGING SOURCE

  • Original cataloging agency: NUST
  • Transcribing agency: NUST

100 ## - HEADING--PERSONAL NAME

  • Personal name: Siddiqi, Ainuddin

670 ## - SOURCE DATA FOUND

  • Source citation: Work cat.: (NUST): Siddiqi, Ainuddin , Muslim World History of Creation of Pakistan /, 2017.
© 2023 Central Library, National University of Sciences and Technology. All Rights Reserved.